Normal view
MARC view
- Opjecte oriented
Entry Topical Term
001 - CONTROL NUMBER
- control field: 3946
003 - CONTROL NUMBER IDENTIFIER
- control field: JO-AjAnu
005 - DATE AND TIME OF LATEST TRANSACTION
- control field: 20230606070940.0
008 - FIXED-LENGTH DATA ELEMENTS
- fixed length control field: 230606|| aca||aabn | a|a d
040 ## - CATALOGING SOURCE
- Original cataloging agency: JO-AjAnu
- Transcribing agency: JO-AjAnu
150 ## - HEADING--TOPICAL TERM
- Topical term or geographic name entry element: Opjecte oriented
670 ## - SOURCE DATA FOUND
- Source citation: Work cat.: (JO-AjAnu)2055: Bruegge,Bernd /Dttoit,Allen, author 3945, Object-Orinted software Engineering